| 000 | 01014nam a22002537a 4500 | ||
|---|---|---|---|
| 001 | BRCA_9282 | ||
| 003 | FranzMayer | ||
| 005 | 20230726143312.0 | ||
| 008 | 230721b |||||||| |||| 00| 0 eng d | ||
| 040 |
_aMFM _besp _cMFM |
||
| 050 | 4 |
_aLE59 _bM39 1757 |
|
| 082 | _2BJ1500.S65 | ||
| 100 | 1 |
_4Autor _aMayáns I Siscar, Don Gregorio _928909 |
|
| 240 | 1 |
_aRhetorica de Don Gregorio Mayans I Siscar _hTomo I _lespañol |
|
| 245 |
_aRhetorica de Don Gregorio Mayans I Siscar _bTomo I |
||
| 260 |
_aSan Martín, España _bHerederos de Geronimo Conejos _c1757 |
||
| 300 |
_a373 p _c18 cm |
||
| 440 |
_aRhetorica de Don Gregorio Mayans I Siscar _nTomo I _928910 |
||
| 500 | _aEl libro contiene daño en varías páginas, especialmente en la primera parte del libro. | ||
| 505 | 0 | _aTexto en: españolDirigido a: filósofos, estudiosos, retóricosIncluye índice temático | |
| 650 | 1 |
_2Filosofía _aÉtica _vTemas especiales _928911 |
|
| 651 | 2 |
_2Ética _aRetórica _vEl arte del discurso _928912 |
|
| 942 |
_2lcc _cB |
||
| 999 |
_c10901 _d10901 |
||